00589nam a2200193Ia 450000500170000000800410001702000290005804000190008704100120010608200150011810000220013324500780015526000480023330000150028144000220029650400500031865000170036885000100038520240323090917.0140110s9999 xx 000 0 und d a9780070587182cRs.735.00 aLoreto College aEnglish a511.5bBAL aBalakrishnan,V.K. aSchaum's outline of theory and problems of graph theorycV.K.Balakrishnan aNew DelhibTata McGraw Hill Educationc2004 aviii,293p  aSchaum's outlines aIncludes bibliographical references and index aGraph theory aLCLIB